00623nam a2200193Ii 450000100060000000300090000600800410001502000150005604000330007104100080010408200170011210000360012924501320016526400390029730000120033633600260034833700280037433800270040211654CO-ViMGA241108s9999||||xx |||||||||||||| ||und|| a8428319286 aCO-ViMGAbspaerdacCO-ViMGA0 aspa04a070.41 M378c1 aJosé Luis Martínez Albertos10aCurso General de Redacción periodística:bLenguaje, estilos y generos periodísticos en prensa, radio, televisión y cine 1aMadrid, España : Paraninfo, 1998 avolumen atextbtxt2rdacontent aunmediatedbn2rdamedia avolumebnc2rdacarrier